000 00624cam a22001697a 4500
008 180718b1993 xxu||||| |||| 00| 0 eng d
082 _aQ39 In2 di
100 _aIndia Disaster Management Training Country Workshop,1993, 12-16 July : IIPA :New Delhi
245 _aDisplaced persons in civil conflict
260 _aNew Delhi
_bIndian Institute of Public Administration
_c1993
300 _a97p.
500 _aSponsored by UNDP - DHA; Workshop Director: V.K. Sharma
650 _aCivil conflict
700 _aIIPA
700 _aDepartment of Agriculture and Asian Disaster Preparedness Centre
700 _aCuny, Frederick
999 _c476554
_d476554